[Event "AUTO-MASTER-162"]
[Site "http://www.queenalice.com/game.php?id=77488"]
[Date "2006.6.17"]
[Round "1"]
[White "Caballero"]
[Black "Beliavsky"]
[Result "0-1"]
[WhiteElo "1538"]
[BlackElo "1788"]

1. d4 Nf6 2. c4 g6 3. Nc3 d5 4. e3 Bg7 5. Nf3 O-O 6. Bd3 c6 7. c5 Nbd7 8. b4 e5
9. Nd2 exd4 10. exd4 Re8+ 11. Ne2 Nh5 12. O-O a5 13. b5 Nxc5 14. Qc2 Nxd3 15.
Qxd3 Bf5 16. Qb3 Rxe2 0-1

[Event "AUTO-MASTER-162"]
[Site "http://www.queenalice.com/game.php?id=77489"]
[Date "2006.6.17"]
[Round "1"]
[White "Beliavsky"]
[Black "Caballero"]
[Result "0-1"]
[WhiteElo "1834"]
[BlackElo "1623"]

1. b3 e5 2. Bb2 Nc6 3. e3 d5 4. Bb5 Ne7 5. Bxe5 a6 6. Bxc6+ Nxc6 7. Bb2 Bf5 8.
Nf3 Nb4 9. d3 c5 10. O-O Nc6 11. Nbd2 d4 12. exd4 cxd4 13. Re1+ Be6 14. Re4 Bc5
15. b4 Ba7 16. a4 O-O 17. b5 axb5 18. axb5 Bd5 19. bxc6 Bxe4 20. Nxe4 bxc6 21.
Ra4 c5 22. Qa1 Bb6 23. h3 f5 24. Neg5 Rxa4 25. Qxa4 Qa8 26. Qb3+ Kh8 27. Qxb6
Rb8 28. Nf7+ Kg8 29. Qe6 Rb7 0-1

[Event "AUTO-MASTER-162"]
[Site "http://www.queenalice.com/game.php?id=77494"]
[Date "2006.6.17"]
[Round "1"]
[White "Markus1234567"]
[Black "Beliavsky"]
[Result "0-1"]
[WhiteElo "1742"]
[BlackElo "1963"]

1. e4 c5 2. Bc4 Nc6 3. c3 Nf6 4. d3 g6 5. Nf3 Bg7 6. a3 O-O 7. O-O d5 8. exd5
Nxd5 9. Be3 Nxe3 10. fxe3 Bg4 11. Qb3 Na5 12. Qa2 Nxc4 13. Qxc4 Be6 14. Qe4 b6
15. b4 Bf5 16. Qh4 Qxd3 17. Qxe7 Rfe8 18. Qb7 Qxe3+ 19. Kh1 Be4 20. Qc7 Bxf3 21.
a4 Qf2 22. Rg1 Bxg2+ 0-1

[Event "AUTO-MASTER-162"]
[Site "http://www.queenalice.com/game.php?id=77495"]
[Date "2006.6.17"]
[Round "1"]
[White "Beliavsky"]
[Black "Markus1234567"]
[Result "0-1"]
[WhiteElo "1777"]
[BlackElo "1757"]

1. b3 e5 2. Bb2 Nc6 3. e3 d5 4. Bb5 Bd7 5. Bxc6 Bxc6 6. Bxe5 d4 7. Nf3 dxe3 8.
fxe3 Bb5 9. c4 Bc6 10. O-O Qe7 11. Nc3 O-O-O 12. Bd4 Kb8 13. a4 h5 14. Ne5 Qe6
15. Nxf7 Qg6 16. Qe2 Rxd4 17. exd4 Rh7 18. d5 Bc5+ 19. Kh1 Bd7 20. Ne5 Qe8 21.
Nxd7+ Qxd7 22. d4 Be7 23. Qe6 Qd8 24. Rf7 Rh6 25. Qf5 Nf6 0-1

[Event "AUTO-MASTER-163"]
[Site "http://www.queenalice.com/game.php?id=77734"]
[Date "2006.6.18"]
[Round "1"]
[White "joaoreis001"]
[Black "Beliavsky"]
[Result "1-0"]
[WhiteElo "1613"]
[BlackElo "1860"]

1. Nf3 d5 2. d4 Nc6 3. e3 Bg4 4. h3 Bh5 5. g4 Bg6 6. Ne5 Nxe5 7. dxe5 h5 8. Be2
e6 9. gxh5 Be4 10. f3 Bf5 11. f4 1-0

[Event "AUTO-MASTER-163"]
[Site "http://www.queenalice.com/game.php?id=77735"]
[Date "2006.6.18"]
[Round "1"]
[White "Beliavsky"]
[Black "joaoreis001"]
[Result "0-1"]
[WhiteElo "1888"]
[BlackElo "1585"]

1. e4 e5 2. Nf3 Nc6 3. Bb5 a6 4. Ba4 b5 5. Bb3 d6 6. c3 Bg4 7. O-O b4 8. Ba4 Bd7
9. d4 Nf6 10. Re1 Bg4 11. Bxc6+ Nd7 0-1

[Event "AUTO-MASTER-163"]
[Site "http://www.queenalice.com/game.php?id=77746"]
[Date "2006.6.18"]
[Round "1"]
[White "charles31"]
[Black "Beliavsky"]
[Result "0-1"]
[WhiteElo "1621"]
[BlackElo "1690"]

1. e4 c5 2. Nc3 Nc6 3. Bb5 g6 4. Nf3 Bg7 5. d3 Nf6 6. h3 O-O 7. Bc4 d6 8. O-O a6
9. a3 b5 10. Bd5 Nxd5 11. exd5 Nd4 12. Be3 Bb7 13. Nxd4 cxd4 14. Bxd4 Bxd4 15.
Qg4 Bg7 16. b4 Bxc3 17. Rae1 Bxe1 18. Rxe1 Bxd5 19. h4 h5 20. Qg5 e5 21. d4 Qxg5
0-1

[Event "AUTO-MASTER-163"]
[Site "http://www.queenalice.com/game.php?id=77747"]
[Date "2006.6.18"]
[Round "1"]
[White "Beliavsky"]
[Black "charles31"]
[Result "1-0"]
[WhiteElo "1733"]
[BlackElo "1621"]

1. b3 e5 2. Bb2 Nc6 3. e3 d5 4. Bb5 Bd7 5. Bxc6 Bxc6 6. Bxe5 Qg5 7. Bg3 O-O-O 8.
Nf3 Qf6 9. d4 Re8 10. Nbd2 Bb4 11. O-O g5 12. Be5 Rxe5 13. Nxe5 Bd6 14. Nxc6
bxc6 15. c4 h5 16. Qf3 g4 17. Qxf6 Nxf6 18. c5 Be7 19. b4 a6 20. a4 h4 21. b5
axb5 22. axb5 Kb7 23. Rfb1 Ne4 24. Nxe4 dxe4 25. b6 cxb6 26. cxb6 c5 27. Ra7+
Kc6 28. Rxe7 Rb8 29. dxc5 Kxc5 30. Rxe4 f5 31. Re5+ Kd6 32. Rxf5 1-0

[Event "AUTO-MASTER-164"]
[Site "http://www.queenalice.com/game.php?id=78273"]
[Date "2006.6.19"]
[Round "1"]
[White "bragchez"]
[Black "Beliavsky"]
[Result "1-0"]
[WhiteElo "1693"]
[BlackElo "1913"]

1. Nf3 Nf6 2. e4 Nxe4 3. Bc4 d5 4. Bb5+ c6 5. Be2 Bf5 6. d4 e6 7. Bf4 Nd7 8. h4
Qb6 9. b3 Bb4+ 10. Nbd2 e5 11. dxe5 1-0

[Event "AUTO-MASTER-164"]
[Site "http://www.queenalice.com/game.php?id=78274"]
[Date "2006.6.19"]
[Round "1"]
[White "Beliavsky"]
[Black "bragchez"]
[Result "0-1"]
[WhiteElo "1941"]
[BlackElo "1666"]

1. e4 Nc6 2. Nf3 d5 3. exd5 Qxd5 4. Nc3 Qa5 5. d4 Bg4 6. d5 O-O-O 7. Be2 e5 8.
Nxe5 Bxe2 9. Qxe2 Nxe5 10. Qxe5 Bd6 0-1

[Event "AUTO-ELITE-64"]
[Site "http://www.queenalice.com/game.php?id=79049"]
[Date "2006.6.21"]
[Round "1"]
[White "recosta"]
[Black "Beliavsky"]
[Result "1/2-1/2"]
[WhiteElo "1994"]
[BlackElo "1886"]

1. e4 c5 2. Nc3 Nc6 3. f4 g6 4. Nf3 Bg7 5. Bc4 e6 6. O-O Nge7 7. Qe1 O-O 8. d3
d5 9. Bb3 Nd4 10. Nxd4 cxd4 11. Nd1 dxe4 12. dxe4 a5 1/2-1/2